<?xml version="1.0" encoding="UTF-8"?>
<record
    xmlns:xsi="http://www.w3.org/2001/XMLSchema-instance"
    xsi:schemaLocation="http://www.loc.gov/MARC21/slim http://www.loc.gov/standards/marcxml/schema/MARC21slim.xsd"
    xmlns="http://www.loc.gov/MARC21/slim">

  <leader>00929nam a2200157Ia 4500</leader>
  <controlfield tag="008">120629s9999    xx            000 0 und d</controlfield>
  <datafield tag="020" ind1=" " ind2=" ">
    <subfield code="a">978-968-455-55-832-8</subfield>
  </datafield>
  <datafield tag="082" ind1=" " ind2=" ">
    <subfield code="a">343.052 I34i </subfield>
  </datafield>
  <datafield tag="245" ind1=" " ind2=" ">
    <subfield code="a">Impuesto sobre la renta 2008/ los t&#xED;tulos, indices, compilaciones, correlaciones, referencias, comentarios, ejemplos y sinopsis no forman parte del texto legal, son labor autoral efectuada por Enrique Dom&#xED;nguez Mota, Carlos Ocampo Medina</subfield>
  </datafield>
  <datafield tag="250" ind1=" " ind2=" ">
    <subfield code="a">30</subfield>
  </datafield>
  <datafield tag="260" ind1=" " ind2=" ">
    <subfield code="a">M&#xE9;xico : Dofiscal</subfield>
  </datafield>
  <datafield tag="300" ind1=" " ind2=" ">
    <subfield code="a">Irregular</subfield>
  </datafield>
  <datafield tag="505" ind1=" " ind2=" ">
    <subfield code="a">Indices ISR.-- Disposiciones Generales.-- Personas Morales.-- Personas F&#xED;sicas.-- Residentes en el Extranjero, Regimenes F&#xED;scales Preferentes, Estimulos Fiscales.-- Transitorios.-- Reglamento de la ley del Impuesto Sobre la Renta. -- Impuesto al Activo. -</subfield>
  </datafield>
  <datafield tag="650" ind1=" " ind2=" ">
    <subfield code="a">1. IMPUESTOS SOBRE LA RENTA-LEGISLACION-MEXICO</subfield>
  </datafield>
  <datafield tag="700" ind1=" " ind2=" ">
    <subfield code="a">Dom&#xED;nguez Mota, Enrique; comp. \ Ocampo Medina, Carlos; comp.&#xCC;</subfield>
  </datafield>
  <datafield tag="952" ind1=" " ind2=" ">
    <subfield code="0">0</subfield>
    <subfield code="1">0</subfield>
    <subfield code="4">0</subfield>
    <subfield code="7">0</subfield>
    <subfield code="a">15</subfield>
    <subfield code="b">15</subfield>
    <subfield code="d">2008-04-04</subfield>
    <subfield code="l">0</subfield>
    <subfield code="o">343.052 I34I </subfield>
    <subfield code="p">15 002724</subfield>
    <subfield code="r">2017-12-07</subfield>
    <subfield code="w">2012-06-28</subfield>
    <subfield code="y">LB</subfield>
  </datafield>
  <datafield tag="999" ind1=" " ind2=" ">
    <subfield code="c">76201</subfield>
    <subfield code="d">76201</subfield>
  </datafield>
</record>
